Top Blueberry Producing US States Quiz Stats

 Plays Quiz Updated Feb 8, 2018

Challenge
Share
Tweet
Embed
Score 0/10 Timer 02:00
7 Plays Today
Weight (Millions of Pounds) US State % Correct
53.4California
95.4%
96.1 Washington
86.2%
86.1Oregon
85.8%
16.0Florida
78.7%
92.0 (tie)Georgia
75.6%
1.6New York
75.3%
48.5North Carolina
68.3%
92.0 (tie)Michigan
66.7%
8.5Mississippi
48.9%
56.7New Jersey
45.3%

You're not logged in!

Compare scores with friends on all Sporcle quizzes.
Join for Free
OR
Log In

You Might Also Like...

Show Comments

Extras

Top Quizzes Today


Score Distribution

Your Account Isn't Verified!

In order to create a playlist on Sporcle, you need to verify the email address you used during registration. Go to your Sporcle Settings to finish the process.

Report this User

Report this user for behavior that violates our Community Guidelines.

Details: